000
00259nmm a2200097Ia 4500
008
220120s9999||||xx |||||||||||||||||und||
020
_a
81-7758-154-6
100
_a
Khan, M.Y and Jain, P.K
245
0
_a
Financial management, problems and cases
260
_b
Delhi
999
_c
140080
_d
140080